[Event "Marienbad Open 2025 - B1 IM Round Robin"]
[Site "Continental hotel, Marianske Lazne"]
[Date "2025.01.24"]
[Round "8"]
[Board "2"]
[White "Dunnington, Angus J"]
[Black "Smietanska, Wiktoria"]
[Result "1-0"]
[WhiteElo "2259"]
[BlackElo "2157"]
[PlyCount "0"]
[EventDate "2025.01.18"]
[EventRounds "9"]
[EventCountry "CZE"]

1. d4 d5 2. Nf3 Nf6 3. e3 c5 4. c4 dxc4 5. Bxc4 e6 6. O-O a6 7. dxc5 Bxc5 8. Qxd8+
Kxd8 9. Nbd2 b5 10. Be2 Bb7 11. a4 b4 12. Ne5 Ke7 13. Nb3 Nbd7 14. Bd2 a5 15. Nc4
Ne4 16. Rfd1 Bd5 17. Ncxa5 Nxd2 18. Rxd2 Rhc8 19. Bb5 Nb6 20. Rc2 Bd6 21. Rxc8 Rxc8
22. Nd4 Kf6 23. h3 h5 24. Ndc6 Ra8 25. Nb7 Be5 26. Nxe5 Kxe5 27. Nc5 Kd6 28. Nd3
Bc4 29. Bxc4 Nxc4 30. Nxb4 Nxb2 31. a5 Kc5 32. Rb1 Nc4 33. Nd3+ Kc6 34. a6 Ra7 35.
Rb4 Nb6 36. Ne5+ Kc5 37. Nd3+ Kc6 38. Ne5+ Kc5 39. Rh4 Kd6 40. Nd3 g6 41. Rd4+ Ke7
42. Nb4 Kf6 43. Rd6 Nd7 44. Rc6 Ke7 45. g3 Ra8 46. Kg2 Kd8 47. g4 hxg4 48. hxg4 Nb8
49. Rb6 Nd7 50. Rb5 Kc7 51. Rb7+ Kc8 52. g5 Rb8 53. Rxb8+ Kxb8 54. Nc6+ Kc7 55. a7
Kb7 56. f4 f6 57. gxf6 Nxf6 58. Nd8+ Kxa7 59. Nxe6 Kb7 60. Nf8 Nd5 61. Kf3 Ne7 62.
Kg4 Kc6 63. e4 Kc5 64. Kg5 Kd4 65. Nxg6 Nc6 66. e5 Nd8 67. Kf6 Kd5 68. f5 Nc6 69.
Ne7+  1-0

[Event "Marienbad Open 2025 - B1 IM Round Robin"]
[Site "Continental hotel, Marianske Lazne"]
[Date "2025.01.24"]
[Round "8"]
[Board "3"]
[White "Xu, Yang"]
[Black "Papasimakopoulos, Alexandros"]
[Result "1/2-1/2"]
[WhiteElo "2238"]
[BlackElo "2379"]
[PlyCount "0"]
[EventDate "2025.01.18"]
[EventRounds "9"]
[EventCountry "CZE"]

1. e4 e5 2. Nf3 Nc6 3. d4 exd4 4. c3 d5 5. exd5 Qxd5 6. cxd4 Bg4 7. Nc3 Bb4 8. Be2
Bxf3 9. Bxf3 Qc4 10. Bxc6+ Qxc6 11. O-O Ne7 12. Qb3 Bxc3 13. bxc3 O-O 14. Rb1 b6
15. Re1 Rfe8 16. Bf4 Nd5 17. Bd2 Qd7 18. c4 Nf6 19. Qd3 c6 20. Bc3 Rxe1+ 21. Rxe1
b5 22. d5 bxc4 23. Qg3 Re8 24. Rd1 Kh8  1/2-1/2

[Event "Marienbad Open 2025 - B1 IM Round Robin"]
[Site "Continental hotel, Marianske Lazne"]
[Date "2025.01.24"]
[Round "8"]
[Board "4"]
[White "Jurek, Josef"]
[Black "Dylong, Antoni"]
[Result "0-1"]
[WhiteElo "2196"]
[BlackElo "2217"]
[PlyCount "0"]
[EventDate "2025.01.18"]
[EventRounds "9"]
[EventCountry "CZE"]

1. Nf3 Nf6 2. c4 e6 3. g3 Be7 4. Bg2 O-O 5. O-O d5 6. d4 dxc4 7. Ne5 Nc6 8. Nxc6
bxc6 9. Na3 Bxa3 10. bxa3 Ba6 11. Qd2 Rb8 12. Qa5 Qc8 13. a4 Rd8 14. e3 c3 15. Re1
c2 16. Qc3 c5 17. Qxc2 cxd4 18. exd4 Rxd4 19. Be3 Rc4 20. Qd1 Qe8 21. Bxa7 Rd8 22.
Qb3 Rxa4 23. Rad1 Rxd1 24. Rxd1 Bc4 25. Qb8 Qxb8 26. Bxb8 h5 27. Bxc7 Rxa2 28. h3
Bd5 29. f3 g5 30. Bd8 Kg7 31. Rf1 Kg6 32. Rf2 Rxf2 33. Kxf2 g4 34. fxg4 hxg4 35.
hxg4 Nxg4+ 36. Kg1 Bxg2 37. Kxg2 Kf5 38. Kh3 Ne3 39. Bb6 Ke4 40. Bc7 Kf3 41. Kh4
f6 42. Kh5 Nd5 43. Bb8 e5 44. Kg6 e4 45. Ba7 Kxg3 46. Kf5 Kf3 47. Ke6 e3 48. Bxe3
Kxe3 49. Kxd5 f5  0-1

[Event "Marienbad Open 2025 - B1 IM Round Robin"]
[Site "Continental hotel, Marianske Lazne"]
[Date "2025.01.24"]
[Round "8"]
[Board "5"]
[White "Garsky, Vladyslav"]
[Black "Smolik, Jachym"]
[Result "0-1"]
[WhiteElo "2163"]
[BlackElo "2309"]
[PlyCount "0"]
[EventDate "2025.01.18"]
[EventRounds "9"]
[EventCountry "CZE"]

1. e4 e5 2. Nf3 Nc6 3. Nc3 Nf6 4. Bb5 Bd6 5. a3 a6 6. Bc4 b5 7. Ba2 Bb7 8. d3 h6
9. h3 O-O 10. g4 Nh7 11. h4 b4 12. axb4 Nxb4 13. Bb3 Kh8 14. Ne2 Bc5 15. c3 Nc6 16.
Ng3 Nf6 17. Nh2 Ng8 18. g5 f5 19. Nxf5 Nce7 20. Be3 Nxf5 21. Bxc5 d6 22. Be3 Nxe3
23. fxe3 d5 24. Ng4 Qd6 25. exd5 e4 26. d4 Qg3+ 27. Kd2 Bc8 28. Rg1 Qh3 29. Qe2 Bxg4
30. Rxg4 Rab8 31. Ra3 Qh1 32. Kc2 Rf1 33. Qd2 Rbf8 34. Rg2 Rd1 35. Qe2 Rc1+ 36. Kd2
Rb1 37. Bd1 Rxd1+ 38. Kc2 Rc1+ 39. Kb3 Rb8+ 40. Kc4 Qxh4 41. Rxa6 Re1 42. Qg4 Qh1
43. Rf2 Rg1 44. Qd7 Rxg5 45. Qxc7 Rxb2 46. Rxh6+ Qxh6 47. Rxb2 Qa6+ 48. Kb4 Rg6 49.
Rh2+ Nh6 50. Kc5 Qa3+ 51. Kc4 Qa6+ 52. Kc5 Qa3+ 53. Kc4 Kh7 54. Qb7 Qa4+ 55. Qb4
Qa6+ 56. Qb5 Qc8+ 57. Qc5 Qb8 58. Rh5 Ra6 59. d6 Ra4+ 60. Kd5 Qa8+ 61. Ke5 Ra5  0-1

[Event "Marienbad Open 2025 - B1 IM Round Robin"]
[Site "Continental hotel, Marianske Lazne"]
[Date "2025.01.25"]
[Round "9"]
[Board "2"]
[White "Dylong, Antoni"]
[Black "Garsky, Vladyslav"]
[Result "1/2-1/2"]
[WhiteElo "2217"]
[BlackElo "2163"]
[PlyCount "0"]
[EventDate "2025.01.18"]
[EventRounds "9"]
[EventCountry "CZE"]

1. e4 c6 2. d4 d5 3. Nc3 dxe4 4. Nxe4 Nf6 5. Nxf6+ exf6 6. c3 Bd6 7. Bd3 O-O 8. Qc2
Re8+ 9. Ne2 h5 10. O-O h4 11. h3 Nd7 12. Be3 Nf8 13. c4 Bd7 14. Rad1 Rc8 15. Rfe1
Bb8 16. Qb3 b6 17. d5 cxd5 18. cxd5 Qe7 19. Nd4 Qd6 20. Nf3 g5 21. Ba6 Rcd8 22. Bd2
Rxe1+ 23. Bxe1 Ng6 24. Bb4 Qf4 25. Rd4 Qc1+ 26. Rd1 Qf4 27. Rd4  1/2-1/2

[Event "Marienbad Open 2025 - B1 IM Round Robin"]
[Site "Continental hotel, Marianske Lazne"]
[Date "2025.01.25"]
[Round "9"]
[Board "4"]
[White "Smietanska, Wiktoria"]
[Black "Xu, Yang"]
[Result "1-0"]
[WhiteElo "2157"]
[BlackElo "2238"]
[PlyCount "0"]
[EventDate "2025.01.18"]
[EventRounds "9"]
[EventCountry "CZE"]

1. e4 c6 2. d4 d5 3. Nd2 dxe4 4. Nxe4 Nf6 5. Nxf6+ exf6 6. c3 Bf5 7. Ne2 Bd6 8. Ng3
Bxg3 9. hxg3 Qd5 10. Qe2+ Qe6 11. Qxe6+ fxe6 12. f3 Nd7 13. g4 Bg6 14. Bc4 e5 15.
Be3 exd4 16. Bxd4 b5 17. Be6 Ne5 18. Bxe5 fxe5 19. O-O-O Rd8 20. Rde1 Ke7 21. Rxe5
Rd6 22. Rhe1 Rhd8 23. Bf5+ Kf8 24. Bxg6 hxg6 25. Re7 a5 26. R7e6 Rd2 27. Re8+ Rxe8
28. Rxe8+ Kxe8 29. Kxd2 Ke7 30. Ke3 g5 31. Ke4 Ke6 32. g3 a4 33. c4 Kd6 34. cxb5
cxb5 35. Kd4 Kc6 36. b4 Kd6 37. a3 Kc6 38. Ke5 Kb6 39. Kd6 Kb7 40. Kc5 Ka6 41. Kc6
 1-0

[Event "Marienbad Open 2025 - B2 IM Round Robin"]
[Site "Continental hotel, Marianske Lazne"]
[Date "2025.01.18"]
[Round "1"]
[Board "1"]
[White "Senthil, Maran K"]
[Black "Konopka, Michal"]
[Result "1/2-1/2"]
[WhiteElo "2398"]
[BlackElo "2321"]
[PlyCount "0"]
[EventDate "2025.01.18"]
[EventRounds "9"]
[EventCountry "CZE"]

1. d4 Nf6 2. c4 g6 3. g3 c6 4. Nc3 d5 5. Qb3 Bg7 6. Bg2 e6 7. Nf3 O-O 8. O-O b6 9.
Bf4 Ba6 10. cxd5 cxd5 11. Rfc1 Nc6 12. Qa4 Bb7 13. Nb5 Ne8 14. Ne5 Nxe5 15. Bxe5
a6 16. Na3 f6 17. Bf4 Rf7 18. Bh3 f5 19. Be5 Nd6 20. Bxg7 Kxg7 21. Nc2 Rc8 22. Ne1
Rc4 23. Qd1 Rfc7 24. b3 Rxc1 25. Rxc1 a5 26. Nd3  1/2-1/2

[Event "Marienbad Open 2025 - B2 IM Round Robin"]
[Site "Continental hotel, Marianske Lazne"]
[Date "2025.01.18"]
[Round "1"]
[Board "2"]
[White "Van der Hagen, Loek"]
[Black "Bhagat, Kush"]
[Result "1-0"]
[WhiteElo "2299"]
[BlackElo "2294"]
[PlyCount "0"]
[EventDate "2025.01.18"]
[EventRounds "9"]
[EventCountry "CZE"]

1. e4 c5 2. Nf3 d6 3. d4 cxd4 4. Nxd4 Nf6 5. Nc3 Nc6 6. Bg5 e6 7. Qd2 a6 8. O-O-O
Bd7 9. f4 Be7 10. Nf3 b5 11. e5 b4 12. exf6 bxc3 13. Qxc3 gxf6 14. Bh4 Rg8 15. Kb1
Rb8 16. g3 d5 17. Be2 Nb4 18. Qd2 Qa5 19. a3 Nc6 20. Qxa5 Nxa5 21. Bxa6 Rb6 22. Bd3
Nc4 23. Bxc4 dxc4 24. Nd2 c3 25. Nc4 Rb8 26. b3 Bb5 27. Nd6+ Bxd6 28. Rxd6 Ke7 29.
Rd4 Bc6 30. Re1 Rgd8 31. Rc4 Rb6 32. Re3 Rd1+ 33. Ka2 Rd2 34. Rexc3 Bd7 35. Rd3 Rd6
36. Rxd6 Rxd6 37. a4 Rd2 38. a5 Bb5 39. Rc5 Bd3 40. Kb1 Bf1 41. Rc7+  1-0

[Event "Marienbad Open 2025 - B2 IM Round Robin"]
[Site "Continental hotel, Marianske Lazne"]
[Date "2025.01.18"]
[Round "1"]
[Board "3"]
[White "Ochedzan, Filip"]
[Black "Roesemann, Rainer"]
[Result "1/2-1/2"]
[WhiteElo "2136"]
[BlackElo "2276"]
[PlyCount "0"]
[EventDate "2025.01.18"]
[EventRounds "9"]
[EventCountry "CZE"]

1. e4 c5 2. Nf3 Nc6 3. d4 cxd4 4. Nxd4 Nf6 5. Nc3 g6 6. Nxc6 dxc6 7. Qxd8+ Kxd8 8.
Bg5 Be6 9. O-O-O+ Ke8 10. f3 Bg7 11. Be2 Nd7 12. a3 Nb6 13. Rhe1 Bxc3 14. bxc3 Bc4
15. Bd3 f6 16. Be3 Be6 17. Bxb6 axb6 18. Kb2 b5 19. f4 Rd8 20. f5 gxf5 21. exf5 Bd5
22. Re2 Rg8 23. Rde1 Rd7 24. g3 Rg4 25. Re3 Kf7 26. h3 Ra4 27. g4 h6 28. Rd1 Ke8
29. Bf1 Rf4 30. Red3 Rc7 31. Rd4 Rxd4 32. Rxd4 Rd7 33. Kc1 Rd8 34. Kd2 e5 35. fxe6
Ke7 36. Ke3 Ra8 37. Bxb5 Rxa3 38. Kd2 Kxe6 39. Bc4 Ra1 40. Bxd5+ cxd5 41. c4 dxc4
42. Rxc4 Rh1 43. Ke3 Rxh3+ 44. Kf4 Rh2 45. Rb4 Rxc2 46. Rxb7 Rc3 47. Rh7 Rh3 48.
Rb7 h5 49. Rb6+ Kf7 50. gxh5 Rxh5 51. Ra6 Kg6 52. Rb6 Rh4+ 53. Kg3 Ra4 54. Rb3 Kg5
55. Rb5+ f5 56. Rb3 Rg4+ 57. Kf2 Rh4 58. Ra3 Kg4 59. Ra4+ f4 60. Ra3 Rh2+ 61. Kg1
Rb2 62. Kf1 Rd2 63. Rb3 Kf5 64. Rb5+ Ke4 65. Rb4+ Kf3 66. Rb3+ Kg4 67. Ra3 Rh2 68.
Kg1 Re2 69. Kf1 Re4 70. Kf2 Rb4 71. Kg2 Rd4 72. Kf2 Re4 73. Rb3 Ra4 74. Kg2 Rc4 75.
Kf2 Rc2+ 76. Kf1 Rh2 77. Kg1 Re2 78. Kf1 Re3 79. Rxe3 fxe3 80. Ke2 Kf4 81. Ke1 Ke5
82. Ke2 Ke4 83. Ke1 Kd4 84. Ke2 Ke4 85. Ke1 Kd3 86. Kd1 e2+ 87. Ke1 Ke3  1/2-1/2

[Event "Marienbad Open 2025 - B2 IM Round Robin"]
[Site "Continental hotel, Marianske Lazne"]
[Date "2025.01.19"]
[Round "2"]
[Board "1"]
[White "Konopka, Michal"]
[Black "Vaculik, Jakub"]
[Result "1-0"]
[WhiteElo "2321"]
[BlackElo "2281"]
[PlyCount "0"]
[EventDate "2025.01.18"]
[EventRounds "9"]
[EventCountry "CZE"]

1. Nf3 d5 2. d4 Nf6 3. c4 c6 4. g3 Bf5 5. Nc3 e6 6. Nh4 Bg6 7. Qb3 Qb6 8. Nxg6 hxg6
9. c5 Qxb3 10. axb3 e5 11. e3 Be7 12. b4 Nbd7 13. b5 Ng4 14. bxc6 bxc6 15. Ba6 Rb8
16. Be2 Nh6 17. Rxa7 Bf6 18. O-O exd4 19. exd4 Bxd4 20. Bf4 Rd8 21. Rc7 Nxc5 22.
Rxc6 Ne6 23. Bd6 Nf5 24. Ba3 Bxc3 25. Bb5 Rb8 26. Rc8#  1-0

[Event "Marienbad Open 2025 - B2 IM Round Robin"]
[Site "Continental hotel, Marianske Lazne"]
[Date "2025.01.19"]
[Round "2"]
[Board "2"]
[White "Sliwerski, Radoslaw"]
[Black "Pisk, Petr"]
[Result "1/2-1/2"]
[WhiteElo "2040"]
[BlackElo "2302"]
[PlyCount "0"]
[EventDate "2025.01.18"]
[EventRounds "9"]
[EventCountry "CZE"]

1. d4 d6 2. Nf3 Bg4 3. c4 Bxf3 4. exf3 c6 5. Nc3 g6 6. Be3 Bg7 7. Qd2 Nd7 8. Be2
Ngf6 9. O-O O-O 10. Rac1 Re8 11. b3 a6 12. d5 Qa5 13. dxc6 bxc6 14. Ne4 Qxd2 15.
Nxd2 a5  1/2-1/2

[Event "Marienbad Open 2025 - B2 IM Round Robin"]
[Site "Continental hotel, Marianske Lazne"]
[Date "2025.01.19"]
[Round "2"]
[Board "3"]
[White "Roesemann, Rainer"]
[Black "Tichy, Stepan"]
[Result "1-0"]
[WhiteElo "2276"]
[BlackElo "2184"]
[PlyCount "0"]
[EventDate "2025.01.18"]
[EventRounds "9"]
[EventCountry "CZE"]

1. c4 Nf6 2. g3 e6 3. Bg2 d5 4. Nf3 Be7 5. O-O O-O 6. b3 c6 7. Bb2 b6 8. d3 Bb7 9.
Nbd2 c5 10. e3 Nc6 11. Qe2 Qc7 12. Rac1 a5 13. Nb1 Rad8 14. Nc3 Na7 15. Rfd1 Rfe8
16. d4 Ne4 17. cxd5 Nxc3 18. Bxc3 Bxd5 19. dxc5 Bxc5 20. Bd4 Rd6 21. Bxc5 bxc5 22.
Qc2 Bxf3 23. Rxd6 Qxd6 24. Bxf3 Rc8 25. Qc4 Qb6 26. Rd1 Nb5 27. Be2 Nd6 28. Qf4 Rd8
29. Qg5 Nb7 30. Rc1 Rd2 31. Bf3 g6 32. h4 h5 33. Qe5 Rd7 34. Rc4 Rc7 35. g4 Nd6 36.
Rf4 hxg4 37. Bxg4 c4 38. Rd4 Nb7 39. bxc4 Qc5 40. Qg3 Kf8 41. Bf3 Ke7 42. h5 gxh5
43. Qh4+ f6 44. Bxb7 Rxb7 45. Qe4 Qg5+ 46. Kf1 Rb2 47. Qh7+ Ke8 48. Qh8+ Ke7 49.
Qd8+ Kf7 50. Rd7+ Kg6 51. Qg8+ Kf5 52. Qh7+  1-0

[Event "Marienbad Open 2025 - B2 IM Round Robin"]
[Site "Continental hotel, Marianske Lazne"]
[Date "2025.01.19"]
[Round "2"]
[Board "4"]
[White "Bhagat, Kush"]
[Black "Ochedzan, Filip"]
[Result "0-1"]
[WhiteElo "2294"]
[BlackElo "2136"]
[PlyCount "0"]
[EventDate "2025.01.18"]
[EventRounds "9"]
[EventCountry "CZE"]

1. e4 c5 2. Nf3 d6 3. Bb5+ Nd7 4. d4 a6 5. Bd3 cxd4 6. Nxd4 Ngf6 7. O-O e6 8. c4
Be7 9. Nc3 O-O 10. b3 Qc7 11. Bb2 b6 12. Re1 Bb7 13. Qe2 Rfe8 14. Rad1 Rad8 15. Bb1
Nc5 16. Rc1 Qb8 17. b4 Ncd7 18. a3 Bf8 19. Nb3 Rc8 20. Red1 d5 21. Nd2 d4 22. Na2
e5 23. Bd3 a5 24. Re1 axb4 25. axb4 Qd6 26. Nb3 Ra8 27. c5 bxc5 28. bxc5 Qc7 29.
Nb4 Bxc5 30. Nd5 Bxd5 31. exd5 Qd6 32. Bb5 Reb8 33. Nxc5 Nxc5 34. Bc6 Ra2 35. Rb1
Rbxb2 36. Rxb2 Rxb2 37. Qxb2 Nd3 38. Qd2 Nxe1 39. Qxe1 Nxd5 40. Qa5 Nc7 41. Be4 g6
42. h4 h5 43. Bd3 Kg7 44. g3 Ne6 45. Qa7 Qd5 46. Bb1 d3 47. Qa4 Nc5 48. Qd1 e4 49.
Qd2 Qb3  0-1

[Event "Marienbad Open 2025 - B2 IM Round Robin"]
[Site "Continental hotel, Marianske Lazne"]
[Date "2025.01.19"]
[Round "2"]
[Board "5"]
[White "Senthil, Maran K"]
[Black "Van der Hagen, Loek"]
[Result "1-0"]
[WhiteElo "2398"]
[BlackElo "2299"]
[PlyCount "0"]
[EventDate "2025.01.18"]
[EventRounds "9"]
[EventCountry "CZE"]

1. d4 d5 2. c4 dxc4 3. Nf3 Nf6 4. Qa4+ Nbd7 5. Qxc4 e6 6. Bg5 h6 7. Bh4 Be7 8. Nbd2
b6 9. Qc6 Ba6 10. Bxf6 Bxf6 11. e3 Bxf1 12. Nxf1 O-O 13. N1d2 e5 14. O-O Re8 15.
Ne4 Re6 16. Qd5 c6 17. Nxf6+ Rxf6 18. Qe4 exd4 19. Qxd4 Qc7 20. Rfd1 Nf8 21. Rac1
Re8 22. b4 Qb8 23. h3 c5 24. bxc5 Ne6 25. Qd6 Nxc5 26. Qxb8 Rxb8 27. Ne5 Re8 28.
Nd7 Nxd7 29. Rxd7 a6 30. Rcc7 Re5 31. g4 Ra5 32. Rd2 Ra3 33. Kg2 g6 34. h4 Ra5 35.
f4 g5 36. hxg5 hxg5 37. f5 Kg7 38. Kf3 Rh6 39. Rdd7 Rf6 40. Rc2 Rh6 41. Kg3 Ra3 42.
Re7 Kf8 43. Re4 Kg7 44. Re8 Rh1 45. Re7 Rh6 46. Kg2 Kf8 47. Re5 Kg7 48. Re4 Rh4 49.
Kg3 Rh1 50. Re7 Rh6 51. Rcc7 Rf6 52. Kf3 Kf8 53. Ke4 Kg7 54. Red7 Rxa2 55. Ke5 Ra5+
56. Rd5 Rxd5+ 57. Kxd5 Rh6 58. e4 Rh1 59. e5 Kf8 60. f6 Rd1+ 61. Ke4 Rd8 62. Kf5
Re8 63. Rb7 b5 64. Rb6 a5 65. Rxb5 Ra8 66. e6 fxe6+ 67. Kg6 e5 68. Rb7 Kg8 69. Rg7+
Kh8 70. Rh7+  1-0

[Event "Marienbad Open 2025 - B2 IM Round Robin"]
[Site "Continental hotel, Marianske Lazne"]
[Date "2025.01.20"]
[Round "3"]
[Board "2"]
[White "Ochedzan, Filip"]
[Black "Senthil, Maran K"]
[Result "1/2-1/2"]
[WhiteElo "2136"]
[BlackElo "2398"]
[PlyCount "0"]
[EventDate "2025.01.18"]
[EventRounds "9"]
[EventCountry "CZE"]

1. e4 c6 2. d4 d5 3. Nc3 dxe4 4. Nxe4 Nf6 5. Nxf6+ exf6 6. c3 Bd6 7. Bd3 O-O 8. Qc2
Re8+ 9. Ne2 h5 10. O-O h4 11. Nf4 Nd7 12. Qd1 Nf8 13. Qh5 Qc7 14. g3 Qd7 15. Bd2
Bxf4 16. Bxf4 g5 17. Be3 Qh3 18. Qf3 Kg7 19. Rfe1 Bg4 20. Qg2 Ng6 21. Qxh3 Bxh3 22.
f4 hxg3 23. hxg3 gxf4 24. Bxf4 Nxf4 25. gxf4 Be6 26. Kf2 f5 27. Rh1 Rh8 28. Ke3 Kf6
29. c4 Rag8 30. Rxh8 Rxh8 31. Rf1 a6 32. a4 a5 33. Rf2 Bd7 34. Rf1 Ke7 35. b3 Kd6
36. Rf2 b6 37. Rf1 Rh5 38. Rf2 f6 39. Rf3 Rh2  1/2-1/2

[Event "Marienbad Open 2025 - B2 IM Round Robin"]
[Site "Continental hotel, Marianske Lazne"]
[Date "2025.01.20"]
[Round "3"]
[Board "4"]
[White "Pisk, Petr"]
[Black "Roesemann, Rainer"]
[Result "1-0"]
[WhiteElo "2302"]
[BlackElo "2276"]
[PlyCount "0"]
[EventDate "2025.01.18"]
[EventRounds "9"]
[EventCountry "CZE"]

1. e4 c6 2. Nf3 d5 3. d3 dxe4 4. dxe4 Qxd1+ 5. Kxd1 Nf6 6. Nbd2 Bg4 7. Be2 Nbd7 8.
Ne1 e5 9. Bxg4 Nxg4 10. Ke2 Nc5 11. f3 Nf6 12. Nc4 Nfd7 13. Be3 f6 14. Rd1 b6 15.
Nd3 O-O-O 16. Nxc5 Bxc5 17. Nd6+ Bxd6 18. Rxd6 Nb8 19. Rxd8+ Rxd8 20. g3 c5 21. f4
Nc6 22. c3 Kd7 23. f5 Na5 24. g4 Nc4 25. Bc1 Nd6 26. Kf3 Nf7 27. h4 Ke7 28. Be3 Rd3
29. c4 h6 30. Rb1 Rd7 31. b4 cxb4 32. c5 Rd3 33. cxb6 axb6 34. Rb3 Rc3 35. Rxb4 Nd6
36. Rb3 Rc4 37. Rxb6 Nxe4 38. Rb7+ Kf8 39. Rb8+ Kf7 40. Rb7+ Kg8 41. Rb8+ Kh7 42.
a3 Nc3 43. Rb4 Rc8 44. Bd2 Nd5 45. Rb5 Ne7 46. Bb4 Nc6 47. Rc5 Nd4+ 48. Ke4 Rb8 49.
Rc7 Ra8 50. g5 hxg5 51. hxg5 Nb5 52. Rb7 Nxa3 53. gxf6 Nc2 54. Bc5 Ra4+ 55. Kd5  1-0

[Event "Marienbad Open 2025 - B2 IM Round Robin"]
[Site "Continental hotel, Marianske Lazne"]
[Date "2025.01.20"]
[Round "3"]
[Board "5"]
[White "Vaculik, Jakub"]
[Black "Sliwerski, Radoslaw"]
[Result "1/2-1/2"]
[WhiteElo "2281"]
[BlackElo "2040"]
[PlyCount "0"]
[EventDate "2025.01.18"]
[EventRounds "9"]
[EventCountry "CZE"]

1. e4 c5 2. Nf3 d6 3. d4 cxd4 4. Nxd4 Nf6 5. Nc3 a6 6. Qd3 e6 7. a4 Be7 8. Be2 O-O
9. Qg3 Kh8 10. O-O Bd7 11. Rd1 Qc7 12. Be3 Nc6 13. Nb3 Ne5 14. a5 Rac8 15. Bb6 Qb8
16. Nd2 Bc6 17. f4 Ng6 18. Be3 Bd8 19. Bd3 Bc7 20. Nf3 Rcd8 21. Nd4 Bd7 22. Nde2
Bc6 23. h3 Ne7 24. Qh4 b5 25. axb6 Bxb6 26. Bxb6 Qxb6+ 27. Kh1 Ng6 28. Qg3 a5 29.
b3 Qb4 30. Qe3 e5 31. fxe5 dxe5 32. Bc4 Rxd1+ 33. Rxd1 a4 34. Ra1 axb3 35. cxb3 Ra8
36. Rxa8+ Bxa8 37. Bxf7 Nxe4 38. Bxg6 hxg6 39. Nxe4 Bxe4 40. Kh2 Qb7 41. Qg5 Bf5
42. Qh4+ Kg8 43. Qc4+ Kh7 44. Nc3 e4 45. b4 e3 46. Qh4+ Kg8 47. Qd8+ Kh7 48. b5 Bd7
49. Qh4+ Kg8 50. Qc4+ Kh7 51. Kg3 e2 52. Nxe2 Qxb5 53. Qh4+ Qh5 54. Qxh5+ gxh5 55.
Kf4 Kh6 56. h4 g6 57. Nd4 Bg4 58. g3 Bd7 59. Nf3 Bg4 60. Ng5 Bf5 61. Ke5 Kg7 62.
Nf3 Kf7 63. Nd4 Bd7 64. Ne2 Bf5 65. Nf4 Bc2 66. Nd5 Bb3 67. Nc7 Bc4 68. Na8 Bd3 69.
Nb6 Bf5 70. Nd5 Be6 71. Nf4 Bc4 72. Nh3  1/2-1/2

[Event "Marienbad Open 2025 - B2 IM Round Robin"]
[Site "Continental hotel, Marianske Lazne"]
[Date "2025.01.21"]
[Round "4"]
[Board "1"]
[White "Konopka, Michal"]
[Black "Sliwerski, Radoslaw"]
[Result "1-0"]
[WhiteElo "2321"]
[BlackElo "2040"]
[PlyCount "0"]
[EventDate "2025.01.18"]
[EventRounds "9"]
[EventCountry "CZE"]

1. d4 Nf6 2. Nf3 d5 3. g3 e6 4. Bg2 c5 5. O-O Nc6 6. b3 cxd4 7. Nxd4 Nxd4 8. Qxd4
Be7 9. Bb2 O-O 10. c4 dxc4 11. Qxc4 Rb8 12. Be5 Bd6 13. Bxf6 Qxf6 14. Nc3 Be5 15.
Rac1 Bd7 16. Ne4 Qe7 17. Qc5 Qxc5 18. Nxc5 Bc8 19. Rfd1 b6 20. f4 Bb2 21. Rc2 bxc5
22. Rxb2 c4 23. Rc1 cxb3 24. axb3 Bb7 25. Rc7 Bxg2 26. Kxg2 a5 27. Rc5 a4 28. b4
Rfc8 29. Ra5 Rc4 30. Rxa4 h5 31. Kf3 Rd8 32. Ra3 Rb8 33. b5 Rb6 34. Ra6 Rxa6 35.
bxa6 Ra4 36. Rb6 g6 37. h3 Kg7 38. g4 Ra3+ 39. e3 hxg4+ 40. hxg4 g5 41. Ke4 gxf4
42. exf4 Kf6 43. g5+ Kg7 44. Ke5 Ra4 45. Rc6 Ra5+ 46. Kd4 Ra4+ 47. Ke5 Ra5+ 48. Kd6
Ra4 49. Kc7 Rxf4 50. a7 Ra4 51. Kb7 Rxa7+ 52. Kxa7 Kg6 53. Rc5 f5 54. gxf6 Kxf6 55.
Kb6 e5 56. Kb5  1-0

[Event "Marienbad Open 2025 - B2 IM Round Robin"]
[Site "Continental hotel, Marianske Lazne"]
[Date "2025.01.21"]
[Round "4"]
[Board "2"]
[White "Roesemann, Rainer"]
[Black "Vaculik, Jakub"]
[Result "0-1"]
[WhiteElo "2276"]
[BlackElo "2281"]
[PlyCount "0"]
[EventDate "2025.01.18"]
[EventRounds "9"]
[EventCountry "CZE"]

1. c4 Nf6 2. g3 e6 3. Bg2 d5 4. Nf3 dxc4 5. O-O a6 6. Na3 b5 7. b3 cxb3 8. axb3 Bb7
9. Bb2 Be7 10. Qc2 Nbd7 11. d4 Be4 12. Qd2 O-O 13. Rfd1 Nb6 14. Nc2 Qd5 15. Ba3 Bd6
16. Qc3 Qb7 17. Nfe1 Bxg2 18. Nxg2 Nbd5 19. Qd3 Rfd8 20. f3 Nb6 21. e4 Bxa3 22. Rxa3
c5 23. Qe2 c4 24. Nge3 cxb3 25. Rxb3 Na4 26. Ra1 Qa7 27. Kg2 Rac8 28. Qd2 Nd7 29.
Qa5 Ra8 30. h4 Rdc8 31. h5 h6 32. g4 Qc7 33. Qd2 Ndb6 34. Na3 Qf4 35. Ra2 Ra7 36.
Nac2 Qg5 37. Qf2 Rac7 38. Nb4 Rc3 39. Rxc3 Rxc3 40. f4 Qd8 41. d5 Qd6 42. Nc6 Qc5
43. Re2 exd5 44. Ne5 d4 45. Nf5 d3 46. Qh4 dxe2 47. Qd8+ Kh7 48. g5 Qg1+  0-1

[Event "Marienbad Open 2025 - B2 IM Round Robin"]
[Site "Continental hotel, Marianske Lazne"]
[Date "2025.01.21"]
[Round "4"]
[Board "4"]
[White "Senthil, Maran K"]
[Black "Tichy, Stepan"]
[Result "1-0"]
[WhiteElo "2398"]
[BlackElo "2184"]
[PlyCount "0"]
[EventDate "2025.01.18"]
[EventRounds "9"]
[EventCountry "CZE"]

1. c4 e6 2. g3 Nf6 3. Bg2 d5 4. d4 c6 5. Nf3 Ne4 6. O-O Nd7 7. Nc3 f5 8. Bf4 Be7
9. Qc2 O-O 10. Nxe4 fxe4 11. Ne5 Bf6 12. Rad1 g5 13. Be3 Nxe5 14. dxe5 Bxe5 15. Bxe4
Qe7 16. cxd5 exd5 17. Bc5 Bd6 18. Bxh7+ Qxh7 19. Qxh7+ Kxh7 20. Bxd6 Re8 21. Rd2
Bh3 22. Re1 Re6 23. Ba3 Bf5 24. f3 g4 25. Kf2 Rae8 26. Rh1 Rf6 27. Rf1 Kg6 28. Bc5
b6 29. Bd4 Rfe6 30. b4 Kf7 31. Rh1 Rc8 32. Bb2 Rce8 33. Bd4 Rc8 34. Bc3 Rce8 35.
h3 gxf3 36. exf3 Re3 37. Rc1 Bd3 38. g4 c5 39. bxc5 bxc5 40. Ba1 Be2 41. Rxc5 Rxf3+
42. Kg2 Ra3 43. Rc7+ Kg8 44. Bd4 a5 45. Rg7+ Kf8 46. Ra7 Kg8 47. Bc5 Bf3+ 48. Kg3
Rc3 49. Bd4 Ra3 50. Rg7+ Kf8 51. Rf2 Re4 52. Bb2  1-0

[Event "Marienbad Open 2025 - B2 IM Round Robin"]
[Site "Continental hotel, Marianske Lazne"]
[Date "2025.01.21"]
[Round "4"]
[Board "5"]
[White "Van der Hagen, Loek"]
[Black "Ochedzan, Filip"]
[Result "1-0"]
[WhiteElo "2299"]
[BlackElo "2136"]
[PlyCount "0"]
[EventDate "2025.01.18"]
[EventRounds "9"]
[EventCountry "CZE"]

1. e4 c5 2. Nf3 d6 3. d4 cxd4 4. Nxd4 Nf6 5. Nc3 Nc6 6. Bg5 e6 7. Qd2 a6 8. O-O-O
Bd7 9. f3 Nxd4 10. Qxd4 Be7 11. g4 h5 12. gxh5 Nxh5 13. Bxe7 Qxe7 14. Rg1 Bc6 15.
Qxd6 Qxd6 16. Rxd6 Ke7 17. Rd2 b5 18. Rg5 g6 19. Rc5 Rhc8 20. Rg5 b4 21. Nd1 Nf4
22. Ra5 Bb5 23. Bxb5 axb5 24. Rxb5 Rxa2 25. Rb7+ Ke8 26. Kb1 Rca8 27. Rb8+ Ke7 28.
Rxa8 Rxa8 29. Ne3 Rh8 30. Nf1 Rh3 31. Ng3 Nh5 32. Rg2 Nf4 33. Rf2 Kd6 34. Ka2 Kc5
35. Kb3 Kb5 36. Rd2 Nh5 37. Rd4 Nxg3 38. Rxb4+ Kc5 39. Rc4+ Kb5 40. hxg3 Rxg3 41.
Rc3 e5 42. Rd3 f5 43. exf5 gxf5 44. Rd5+ Kc6 45. Rxe5 Rxf3+ 46. Kc4 Rf2 47. Kd3 Kd6
48. Re8 Rh2 49. b4 Rh7 50. Rf8 Rh5 51. c3 Ke7 52. Rc8 Rh6 53. Rc7+ Kd6 54. Rf7 Ke6
55. Rf8 Ke5 56. b5 f4 57. Kc4 Rh7 58. b6 Kd6 59. Rxf4 Kc6 60. Rf6+ Kb7 61. Kb4 Ka6
62. c4 Rh5 63. Rd6 Rg5 64. c5 Rg4+ 65. Kc3 Rg7 66. Kc4 Rh7 67. Re6 Rg7 68. Kd5 Kb7
69. Kd6 Rg8 70. Re7+ Kb8 71. c6 Rd8+ 72. Ke6 Rh8 73. Kd7  1-0